00256 a2200121 4500001000700000020001800007040001100025100001700036240003500053245003000088300000700118362000900125171752 a85-269-0097-8 cMagnum aDuarte, Luiz10aO cravo brigou com a rosalpor10aO cravo brigou com a rosa a120 a1992